Stranger Things Trivia #B - Statistics

General Stats
  • This quiz has been taken 54 times
    41 since last reset
  • The average score is 10 of 15
Answer Stats
Hint Answer % Correct
Friend of Nancy, dies in the Upside Down Barbara Holland
97%
Stepbrother of Max Billy Hargrove
97%
Actress of Eleven (surname) Millie Bonnie Bongiovi
94%
Partner of Joyce and Manager at Radio Shack Bob Newby
87%
Steve complains about always being the goddamn __ Babysitter
84%
Owns a burger restaurant, takes care of a frightened Eleven Benny
74%
Lead a program of secret experiments on kids with special skills Dr. Martin Brenner
74%
Codename for Murray during the Mall break in Bald Eagle
61%
Steves preferred weapon Baseball bat
61%
What film are Dustin, Erica, Steve and Robin "watching", hiding from the Russians Back to the future
58%
Episode title of Season 1, refering to a makeshift deprivation tank Bathtub
52%
Aunt of Eleven Becky Ives
48%
Antagonistic Journalist at the Hawkins Post Bruce Lowe
35%
The above also has some programing skills with this programm BASIC
19%
The abandoned warehouse of this company is the hidout for the Mind Flayer in Season 3 Brimborn Steel Works
13%
No matching quizzes found
Score Distribution
Percent of People with Each Score
Percentile by Number Answered
Your Score History
You have not taken this quiz since the last reset